Canada : Selected Issues.

This Selected Issues paper on Canada examines economic development and policies. Capital ratios before the crisis have been a key determinant of bank performance during the turmoil; and Canadian banks had ample capital. Specifically, most banks with critically low capital at end-2006 later experienc...

Description complète

Détails bibliographiques
Collectivité auteur: International Monetary Fund
Format: Revue
Langue:English
Publié: Washington, D.C. : International Monetary Fund, 2009.
Collection:IMF Staff Country Reports; Country Report ; No. 2009/163
Accès en ligne:Full text available on IMF
LEADER 01502cas a2200241 a 4500
001 AALejournalIMF005819
008 230101c9999 xx r poo 0 0eng d
020 |c 5.00 USD 
020 |z 9781451807097 
022 |a 1934-7685 
040 |a BD-DhAAL  |c BD-DhAAL 
110 2 |a International Monetary Fund. 
245 1 0 |a Canada :   |b Selected Issues. 
264 1 |a Washington, D.C. :  |b International Monetary Fund,  |c 2009. 
300 |a 1 online resource (19 pages) 
490 1 |a IMF Staff Country Reports 
500 |a <strong>Off-Campus Access:</strong> No User ID or Password Required 
500 |a <strong>On-Campus Access:</strong> No User ID or Password Required 
506 |a Electronic access restricted to authorized BRAC University faculty, staff and students 
520 3 |a This Selected Issues paper on Canada examines economic development and policies. Capital ratios before the crisis have been a key determinant of bank performance during the turmoil; and Canadian banks had ample capital. Specifically, most banks with critically low capital at end-2006 later experienced dramatic equity value declines, and many had to be rescued. Regulatory and structural factors contributed to the resilience of Canadian banks by reducing their incentives to take risks. 
538 |a Mode of access: Internet 
830 0 |a IMF Staff Country Reports; Country Report ;  |v No. 2009/163 
856 4 0 |z Full text available on IMF  |u http://elibrary.imf.org/view/journals/002/2009/163/002.2009.issue-163-en.xml  |z IMF e-Library